000 00435nam a22001577a 4500
003 OSt
082 _a631.75807
_bANJ/SM
088 _aP 627
100 _aAnjana P S
_96245
245 _aSmart fertigation for greenhouse cultivation /
260 _aTavanur :
_bDepartment of Soil and Water Conservation Engineering,
_c2024.
700 _aHisham C
_96246
700 _aMohammed Muzammil K
_96247
700 _aJinu A (Guide)
942 _cPR
999 _c18099
_d18099